000
00323nam a22001457a 4500
008
230907b ||||| |||| 00| 0 eng d
020
_a
9780415082525
041
_a
eng
080
_a
159.9
082
_a
159.9ARC
100
_a
25
101
_a
PSI
245
_a
CHILDREN RIGHTS & CHILDHOOD
_c
ARCHARD.D
942
_2
udc
_c
BK
999
_c
60291
_d
60291